000 00918cam a22003012 4500
001 75089
003 BD-RjUL
005 20211209082637.0
008 790917s1960 enkabf b 001 0 eng d
035 _a(BD-RjUL)75307
040 _aIOD
_cIOD
_dOCL
_dUKM
_dEQO
_beng
041 _aeng
082 0 4 _a571.82
_223
_bWHC 1960
090 _aQK745
_b.W49 1960
100 1 0 _aWhyte, R. O.
_q(Robert Orr),
_d1903-
_9227120
245 1 0 _aCrop production and environment /
_cby R. O. Whyte.
250 _aNew ed.
260 _aLondon :
_bFaber and Faber,
_cc1960.
300 _a392 p., [14] leaves of plates :
_bill. ;
_c23 cm.
500 _aIncludes index.
504 _aBibliography: p. 357-384.
650 0 _aGrowth (Plants)
_9227121
650 0 _aBotany, Economic.
_9227122
650 0 _aCrops and climate.
_9227123
942 _2ddc
_cBK
999 _c75089
_d75089